| 000 | 01126nam a2200313 i 4500 | ||
|---|---|---|---|
| 001 | 000028920 | ||
| 003 | DO-SdBNP | ||
| 005 | 20250924073803.0 | ||
| 007 | ta | ||
| 008 | 110412s1986 dr 000 0 spa d | ||
| 040 |
_aDO-SdBNP _bspa _cBNPHU _erda |
||
| 082 |
_bM334r _222 |
||
| 100 | 1 |
_aMaríñez, Pablo _eautor _950533 |
|
| 245 | 1 | 0 |
_aRelaciones Dominico-Haitianas y raíces histórico culturales africanas en la República Dominicana : _bBibliografía básica / _cPablo Maríñez. |
| 264 |
_aSanto Domingo : _bUniversitaria- UASD, _c1986. |
||
| 300 |
_a42 páginas ; _c21 cm. |
||
| 336 |
_2rdacontent _atexto _btxt |
||
| 337 |
_2rdamedia _asin mediación _bn |
||
| 338 |
_2rdacarrier _avolumen _bnc |
||
| 490 | 1 |
_aHistoria y sociedad _vno. 70 |
|
| 490 | 1 |
_aPublicaciones de la Universidad Autónoma de Santo Domingo ; _v507 |
|
| 500 | _aIncluye notas al pie de páginas | ||
| 504 | _aBibliografía : 35-42 p. | ||
| 590 | _aInventariado, 2024/DG | ||
| 830 | 0 |
_aHistoria y sociedad _n70 _955878 |
|
| 830 |
_aPublicaciones de la Universidad Autónoma de Santo Domingo _vv. 507 _952 |
||
| 910 | _aDG | ||
| 942 |
_2ddc _cLBS1 |
||
| 999 |
_c28412 _d28412 |
||